First aid for the Obstetrics & Gynecology Clerkship (Record no. 1475)

MARC details
000 -LEADER
fixed length control field 01330cam a22003494a 4500
001 - CONTROL NUMBER
control field 14423923
003 - CONTROL NUMBER IDENTIFIER
control field OSt
005 - DATE AND TIME OF LATEST TRANSACTION
control field 20231018131937.0
008 - FIXED-LENGTH DATA ELEMENTS--GENERAL INFORMATION
fixed length control field 060622s2007 nyua 001 0 eng
010 ## - LIBRARY OF CONGRESS CONTROL NUMBER
LC control number 2006046596
020 ## - INTERNATIONAL STANDARD BOOK NUMBER
International Standard Book Number 0071448748
035 ## - SYSTEM CONTROL NUMBER
System control number (OCoLC)ocm70259038
040 ## - CATALOGING SOURCE
Original cataloging agency DNLM/DLC
Transcribing agency DLC
Modifying agency YDX
-- BAKER
-- BTCTA
-- YDXCP
-- DLC
042 ## - AUTHENTICATION CODE
Authentication code pcc
050 00 - LIBRARY OF CONGRESS CALL NUMBER
Classification number RG141
Item number .F45 2007
082 00 - DEWEY DECIMAL CLASSIFICATION NUMBER
Classification number W 18 F297f 2002
Edition number 22
100 ## - MAIN ENTRY--PERSONAL NAME
Personal name Latha G. Stead; [et...al]
9 (RLIN) 16796
245 00 - TITLE STATEMENT
Title First aid for the Obstetrics & Gynecology Clerkship
250 ## - EDITION STATEMENT
Edition statement 2nd ed.
260 ## - PUBLICATION, DISTRIBUTION, ETC. (IMPRINT)
Place of publication, distribution, etc. New York;
Name of publisher, distributor, etc. McGraw-Hill,
Date of publication, distribution, etc. c2007.
300 ## - PHYSICAL DESCRIPTION
Extent xi, 291 p. :
Other physical details ill. ;
Dimensions 28 cm.
500 ## - GENERAL NOTE
General note Rev. ed. of: First aid for the obstetrics and gynecology clerkship / authors, Robert Feig, Nicole Collette Johnson. 2001.
500 ## - GENERAL NOTE
General note Includes index.
650 #0 - SUBJECT ADDED ENTRY--TOPICAL TERM
Topical term or geographic name as entry element Obstetrics
9 (RLIN) 3892
650 #0 - SUBJECT ADDED ENTRY--TOPICAL TERM
Topical term or geographic name as entry element Gynecology
9 (RLIN) 3893
650 12 - SUBJECT ADDED ENTRY--TOPICAL TERM
Topical term or geographic name as entry element Clinical Clerkship.
9 (RLIN) 2932
856 42 - ELECTRONIC LOCATION AND ACCESS
Materials specified Contributor biographical information
Uniform Resource Identifier http://www.loc.gov/catdir/enhancements/fy0665/2006046596-b.html
856 42 - ELECTRONIC LOCATION AND ACCESS
Materials specified Publisher description
Uniform Resource Identifier http://www.loc.gov/catdir/enhancements/fy0665/2006046596-d.html
906 ## - LOCAL DATA ELEMENT F, LDF (RLIN)
a 7
b cbc
c orignew
d 1
e ocip
f 20
g y-gencatlg
942 ## - ADDED ENTRY ELEMENTS (KOHA)
Source of classification or shelving scheme Other/Generic Classification Scheme
Koha item type Short Loan
Holdings
Withdrawn status Lost status Source of classification or shelving scheme Damaged status Not for loan Home library Current library Date acquired Source of acquisition Inventory number Total Checkouts Full call number Barcode Date last seen Koha item type
    Other/Generic Classification Scheme     MUST Main Library MUST Main Library 15/04/2015 Donation 03/18527   W 18 F297f 2002 2015-0994 15/04/2015 Short Loan